Normal view MARC view

Entry Uniform Title

Number of records used in: 1

001 - CONTROL NUMBER

  • control field: 36483

003 - CONTROL NUMBER IDENTIFIER

  • control field: dpl

005 - DATE AND TIME OF LATEST TRANSACTION

  • control field: 20111205140742.0

008 - FIXED-LENGTH DATA ELEMENTS

  • fixed length control field: 111205|||a|||||| | ||| d

040 ## - CATALOGING SOURCE

  • Original cataloging agency: dpl
  • Transcribing agency: dpl

130 ## - HEADING--UNIFORM TITLE

  • Uniform title: 101 Facts

670 ## - SOURCE DATA FOUND

  • Source citation: Work cat.: (dpl): Sengupta, Chandni 36482, 101 Facts Saving the Earth /, 2008

670 ## - SOURCE DATA FOUND

  • Source citation: Work cat.: (dpl): Sengupta, Chandni 36482, 101 Facts Saving the Earth /, 2008

© Delhi Public Library
Hit Counter
free hit counter